000 00387nam a2200133Ia 4500
008 220204s9999 xx 000 0 und d
082 _aNR:62TSR
_bRRM
245 0 _aRelationship between compound viscocity and related modulus of ACS 1 mix
260 _aKuala Lumpur
_bRRIM
_c1978
490 _aTechnology Series Report 6
650 _aMixing
650 _aRubber processing
942 _cBK
999 _c43440
_d43440